| 000 | 00592nam a2200205 i 4500 | ||
|---|---|---|---|
| 001 | 49878 | ||
| 003 | ES-MaACL | ||
| 005 | 20260201161658.0 | ||
| 007 | t| | ||
| 008 | 030724s1973 sp ||||1| spa d | ||
| 100 | 1 |
_aCrane, Harold Hart. _941442 |
|
| 245 | 1 | 3 |
_aEl puente y otros poemas / _cHarold Hart Crane ; versión de Agustí Bartra. |
| 250 | _a[1ª ed.]. | ||
| 260 |
_a[Barcelona] : _bPlaza & Janés, _c[1973] |
||
| 300 |
_a205 p. ; _c19 cm. |
||
| 500 | _aTexto bilingüe. | ||
| 700 | 1 |
_aBartra, Agustí _926185 |
|
| 852 |
_aES-MaACL _jC-54108 _bR.86996 |
||
| 999 |
_c49878 _d49878 |
||